00882cam a22002411 450000100060000000300080000600500170001400800390003103500190007003500180008904000440010704100080015108200230015910000190018224501260020125000110032726001300033830000450046850400380051365000270055165000250057871000370060311392BD-RjUL20211208235122.0140126r1964 enkab b 001 0 eng a(BD-RjUL)11441 a(OCoLC)427132 aDLCcODaWUdNcGUdUkdDLCdBD-RjULbeng aeng 0a572.9686bHUR 19641 aHunter, Monica10aReaction to conquest :beffects of contact with Europeans on the Pondo of South Africa. /cWith an introd. by J.C. Smuts. a2d ed. aLondon ;aNew York :bPublished for the International African Institute by Oxford University Press,cc1961 [ Reprinted 1964]. axxiii, 582 p. :billus., maps. ;c22 cm. aBibliography: p. [577] and index. 0aPondo (African people) 0aPrimitive societies.2 aInternational African Institute.